| 000 | 00470nam a22001337a 4500 | ||
|---|---|---|---|
| 040 | _cNUST | ||
| 082 | _a220 PRO | ||
| 100 |
_aPC ARSALAN JAVED GC RAAZ KHAN NC ARSAL SANA NC DANIYAL AZFAR _997538 |
||
| 110 |
_aPROJECT SUPERVISOR DR. WASI HAIDER BUTT _985437 |
||
| 245 | _aPR-SOF-2110-Anti-state Comment Detection on Social Media using Natural Language Processing | ||
| 260 |
_aISLAMABAD: _bNUST COLLEGE OF EME, _c2022. |
||
| 650 |
_aDE-COMP-40 _996496 |
||
| 942 |
_2ddc _cPR |
||
| 999 |
_c591094 _d591094 |
||